MUJERES DE LA POLITICA ARGENTINA /

INCLUYE BIBLIOGRAFIA

Guardado en:
Detalles Bibliográficos
Autor principal: Deleis, Monica (autor)
Otros autores: Arguindeguy, Diego L. (autor) (autor), Titto, Ricardo de (autor) (autor)
Formato: Libro
Temas:
Etiquetas: Agrega una etiqueta
Sin etiquetas, Sé el primero en etiquetar este registro!

MARC

LEADER 00000nam^a2200000^a^4500
001 000247590
005 20250521000000.0
009 20260310105618.128
020 |a 950-511-742-6 
035 |a 071426 
037 |a Acervo Xavier Clavigero 
082 |a 305. 4  |b DEL 
100 |a Deleis, Monica  |e (autor) 
245 1 0 |a MUJERES DE LA POLITICA ARGENTINA /  |c MONICA DELEIS, RICARDO DE TITTO, DIEGO L. ARGUINDEGUY 
264 |a ARGENTINA :  |b AGUILAR,  |c 2001 
300 |a 493 p. 
336 |a texto  |b txt  |2 rdacontenido 
337 |a sin mediación  |b n  |2 rdamedio 
338 |a volumen  |b nc  |2 rdasoporte 
520 |a INCLUYE BIBLIOGRAFIA 
649 |a XX 
650 |a Mujeres 
650 |a Mujeres -  |x Condiciones Sociales y Culturales 
650 |a Argentina -  |x Historia 
650 |a Política -  |z Argentina 
700 |a Arguindeguy, Diego L.  |e (autor) 
700 |a Titto, Ricardo de  |e (autor) 
910 |a Fondo General 
920 |a Impresos - Libros 
930 |a Colección General 
905 |a 101 
901 |a 071426  |b IT1  |c ACC  |i 071426  |u 20250521 
902 |a https://opac.biblio.iteso.mx/vufind/Record/000247590